L'Iliade d'Homere (Record no. 155547)

MARC details
000 -LEADER
campo de control de longitud fija 00896nam a22002055i 4500
001 - NÚMERO DE CONTROL
campo de control 155547
003 - IDENTIFICADOR DE NÚMERO DE CONTROL
campo de control ES-MaACL
005 - FECHA Y HORA DE LA ÚLTIMA TRANSACCIÓN
campo de control 20260616130212.0
008 - DATOS DE LONGITUD FIJA--INFORMACIÓN GENERAL
campo de control de longitud fija 940615s1796 fr |||| | fre d
040 ## - FUENTE DE CATALOGACIÓN
Centro catalogador/agencia de origen AS
Lengua de catalogación spa
100 0# - ENTRADA PRINCIPAL--NOMBRE DE PERSONA
Nombre de persona Homero
9 (RLIN) 64112
245 12 - MENCIÓN DEL TÍTULO
Título L'Iliade d'Homere
Resto del título : avec des remarques /
Mención de responsabilidad, etc. Précédée de Reflexions sur Homere & sur la traduction des poétes / par M. Bitaubé ... ; tome troisieme.
260 ## - PUBLICACIÓN, DISTRIBUCIÓN, ETC.
Lugar de publicación, distribución, etc. A Lyon :
Nombre del editor, distribuidor, etc. Chez Bruyset aîne & Ce.,
Fecha de publicación, distribución, etc. 1796.
300 ## - DESCRIPCIÓN FÍSICA
Extensión [4], 266 p., [1] h. en bl. ;
Dimensiones 12º.
594 #1 - Nota al título y mención de responsabilidad
Nota al título y mención de responsabilidad Tit. en antep. : Oeuvres d'Homere, tome troisieme.
595 #1 -
-- Datos de ed. preceden a n. de tomo.
597 #1 - NOTA DE DESCRIPCIÓN FÍSICA
NOTA DE DESCRIPCIÓN FÍSICA Sign. : []<2>, A<12>, B<6>, C<12>, D<6>, E<12>, F<6>, G<12>, H<6>, I<12>, K<6>, L<12>, M<6>, N<12>, O<6>, P<8>
852 ## - LOCALIZACIÓN
Ubicación ES-MaACL
Número de control de estantería R-1677-88
Nota libre -- Enc. pasta española
condición física -- Falto de las pag. 263-266
Encuadernación Olim: F-625-36
Holdings
Estatus retirado Estado de pérdida Estado de daño No para préstamo Colección Biblioteca de origen Biblioteca actual Ubicación en estantería Fecha de adquisición Total de préstamos Signatura topográfica completa Código de barras Visto por última vez Precio de reemplazo Tipo de ítem Koha
        Libros del s. XVIII Biblioteca del Ateneo de Madrid Biblioteca del Ateneo de Madrid Depósito 17/01/2008   R-1677-88 1162706 23/02/2023 23/02/2023 Libro impreso antiguo